000 00803nam a2200217 i 4500
001 30092
003 ES-MaACL
005 20230906154133.0
007 t|
008 030123s1897 cl |||| | spa d
080 _a811.134.2'35
100 1 _aBarra, Eduardo de la.
_925804
245 1 0 _aOrtografía fonética
_b: para el Cuarto Congreso Científico de Chile /
_cpor Eduardo de la Barra.
260 _aSantiago de Chile :
_b[s.n.],
_c1897 (
_fEst. Poligráfico Roma)
300 _a79 p. ;
_c18 cm.
505 8 _aContiene al final: ;
_tLa ortografía rrazional (8 p.)
530 _aDisponible en formato digital.
650 0 4 _aLengua española-
_xOrtografía.
_914177
852 _aES-MaACL
_jT-765-F-5
856 _uhttp://bdh-rd.bne.es/viewer.vm?id=0000038340&page=1
_zBiblioteca Digital Hispánica
999 _c30092
_d30092